Advances in Digital Image Processing and Information Technology (Record no. 17499)

MARC details
000 -LEADER
fixed length control field 03438cam a22006495i 4500
020 ## - INTERNATIONAL STANDARD BOOK NUMBER
ISBN 9783642240553
082 04 - DEWEY DECIMAL CLASSIFICATION NUMBER
Classification number 006.3
100 1# - MAIN ENTRY--AUTHOR NAME
Author name Nagamalai, Dhinaharan.
245 10 - TITLE STATEMENT
Title Advances in Digital Image Processing and Information Technology
Sub title First International Conference on Digital Image Processing and Pattern Recognition, DPPR 2011, Tirunelveli, Tamil Nadu, India, September 23-25, 2011. Proceedings /
490 1# - SERIES STATEMENT
Series statement Communications in Computer and Information Science,
520 ## - SUMMARY, ETC.
Summary, etc This book constitutes the refereed proceedings of the First International Conference on Digital Image Processing and Pattern Recognition, DPPR 2011, held in Tirunelveli, India, in September 2011. The 48 revised full papers were carefully reviewed and selected from about 400 submissions. The conference brought together leading researchers, engineers and scientists in the domain of Digital Image Processing and Pattern Recognition. The papers cover all theoretical and practical aspects of the field and present new advances and current research results in two tracks, namely: digital image processing and pattern recognition, and computer science, engineering and information technology.
650 #0 - SUBJECT ADDED ENTRY--TOPICAL TERM
Topical Term Computer science.
650 #0 - SUBJECT ADDED ENTRY--TOPICAL TERM
Topical Term Computer Communication Networks.
650 #0 - SUBJECT ADDED ENTRY--TOPICAL TERM
Topical Term Computer software.
650 #0 - SUBJECT ADDED ENTRY--TOPICAL TERM
Topical Term Artificial intelligence.
650 #0 - SUBJECT ADDED ENTRY--TOPICAL TERM
Topical Term Computer vision.
650 #0 - SUBJECT ADDED ENTRY--TOPICAL TERM
Topical Term Optical pattern recognition.
650 14 - SUBJECT ADDED ENTRY--TOPICAL TERM
Topical Term Computer Science.
650 24 - SUBJECT ADDED ENTRY--TOPICAL TERM
Topical Term Artificial Intelligence (incl. Robotics).
650 24 - SUBJECT ADDED ENTRY--TOPICAL TERM
Topical Term Information Systems Applications (incl. Internet).
650 24 - SUBJECT ADDED ENTRY--TOPICAL TERM
Topical Term Algorithm Analysis and Problem Complexity.
650 24 - SUBJECT ADDED ENTRY--TOPICAL TERM
Topical Term Computer Communication Networks.
650 24 - SUBJECT ADDED ENTRY--TOPICAL TERM
Topical Term Pattern Recognition.
650 24 - SUBJECT ADDED ENTRY--TOPICAL TERM
Topical Term Image Processing and Computer Vision.
856 40 - ELECTRONIC LOCATION AND ACCESS
Uniform Resource Identifier http://www.columbia.edu/cgi-bin/cul/resolve?clio9387514
264 #1 -
-- Berlin, Heidelberg :
-- Springer Berlin Heidelberg,
-- 2011.
336 ## -
-- text
-- txt
-- rdacontent
337 ## -
-- computer
-- c
-- rdamedia
338 ## -
-- online resource
-- cr
-- rdacarrier
347 ## -
-- text file
-- PDF
-- rda
700 1# -
-- Renault, Eric.
-- editor.
700 1# -
-- Dhanuskodi, Murugan.
-- editor.
830 #0 - SERIES ADDED ENTRY--UNIFORM TITLE
-- 1865-0929 ;
920 40 -
-- Full text available from SpringerLink ebooks - Computer Science (2011)
-- http://link.springer.com/openurl?genre=book&isbn=978-3-642-24054-6
965 ## -
-- 965SerialsSolutionsBooks
Holdings
Home library Current library Date acquired Cost, normal purchase price Full call number Accession Number Koha item type
Henry Martyn Institute Library Henry Martyn Institute Library 12/26/2014 1457.52 006.3 123456 Books
                   Copyright © 2026 | Henry Martyn Institute | Hyderabad | TS-500052 | INDIA | Implemented by hmi.edu.in
Hit-Count:

Powered by Koha